[Event "CZE-chTB U20 1213"]
[Site "Czech Republic"]
[Date "2013.04.12"]
[Round "8.3"]
[White "Vokoun, Ondrej"]
[Black "Novak, Jiri1111"]
[Result "0-1"]
[WhiteElo "1800"]
[BlackElo "1737"]
[PlyCount "104"]
[EventDate "2012.10.06"]
[EventType "team-tourn"]
[EventRounds "11"]
[EventCountry "CZE"]
[SourceTitle "EXT 2015"]
[Source "ChessBase"]
[SourceDate "2014.11.20"]
[SourceVersion "1"]
[SourceVersionDate "2014.11.20"]
[SourceQuality "1"]
[WhiteTeam "Ricany (U20)"]
[BlackTeam "Orlova Slavia (U20)"]
[WhiteTeamCountry "CZE"]
[BlackTeamCountry "CZE"]

1. Nf3 d5 2. d4 c6 3. Bf4 Bf5 4. e3 Qb6 5. b3 e6 6. Bd3 Bxd3 7. Qxd3 Nf6 8. 0-0 Be7 9. Nbd2 0-0 10. Rfe1 Nbd7 11. c4 c5 12. Rac1 Rac8 13. Rc2 Rfe8 14. Rec1 Qa6 15. Ne5 cxd4 16. exd4 Ba3 17. Nxd7 Nxd7 18. Re1 Bb4 19. Rec1 Bxd2 20. Bxd2 h6 21. Qg3 Kh7 22. h3 Nf6 23. Qd3+ Kg8 24. Bf4 dxc4 25. bxc4 Rcd8 26. Be5 Nd7 27. Bc7 Rc8 28. Bf4 Nf6 29. Qe3 Kh7 30. a3 Qa4 31. Be5 Nd7 32. Qe4+ Kg8 33. Qxb7 Nxe5 34. dxe5 Qxa3 35. Rc3 Qc5 36. Rf3 Rc7 37. Qb3 Qxe5 38. Qa4 Rec8 39. Rfc3 Qc5 40. Qb3 a5 41. Qa4 Qb4 42. Ra3 Rxc4 43. Rxc4 Rxc4 44. Qxa5 Rc1+ 45. Kh2 Qf4+ 46. Rg3 Qxf2 47. Qd8+ Kh7 48. Qd3+ g6 49. Rf3 Qg1+ 50. Kg3 Qe1+ 51. Kf4 e5+ 52. Kg4 f5+ 0-1

[Event "CZE-chTW U20 1213"]
[Site "Czech Republic"]
[Date "2012.12.08"]
[Round "5.2"]
[White "Vokoun, Ondrej"]
[Black "Hurdzan, Tomas"]
[Result "1/2-1/2"]
[WhiteElo "1800"]
[BlackElo "1827"]
[PlyCount "83"]
[EventDate "2012.10.06"]
[EventType "team-tourn"]
[EventRounds "11"]
[EventCountry "CZE"]
[SourceTitle "EXT 2015"]
[Source "ChessBase"]
[SourceDate "2014.11.20"]
[SourceVersion "1"]
[SourceVersionDate "2014.11.20"]
[SourceQuality "1"]
[WhiteTeam "Ricany (U20)"]
[BlackTeam "Klatovy (U20)"]
[WhiteTeamCountry "CZE"]
[BlackTeamCountry "CZE"]

1. c4 e6 2. g3 d5 3. cxd5 exd5 4. Bg2 Nf6 5. Nf3 c6 6. 0-0 Be7 7. d3 0-0 8. b3 a5 9. Bb2 Na6 10. Nbd2 Re8 11. Rc1 Nd7 12. Re1 Bf6 13. Bxf6 Nxf6 14. Qc2 Qb6 15. h3 Nh5 16. d4 Nf6 17. a3 Qc7 18. Ne5 Qd6 19. Ra1 Nc7 20. e3 Nb5 21. a4 Nc7 22. Qc3 Bf5 23. Kh2 Nd7 24. Ndf3 Nxe5 25. Nxe5 f6 26. Nd3 Bxd3 27. Qxd3 Na6 28. Rac1 Nb4 29. Qd2 Rad8 30. Rc5 Ra8 31. e4 dxe4 32. Bxe4 b6 33. Rh5 h6 34. Rxh6 gxh6 35. Qxh6 Qc7 36. Qg6+ Kh8 37. Qh5+ Kg8 38. Qg6+ Kh8 39. Qh5+ Kg8 40. Qg6+ Kh8 41. Qh5+ Kg8 42. Qg6+ 1/2-1/2

[Event "Teplice op 7th"]
[Site "Teplice"]
[Date "2012.06.22"]
[Round "7"]
[White "Privoznik, Lubos"]
[Black "Vokoun, Ondrej"]
[Result "1/2-1/2"]
[WhiteElo "1617"]
[BlackElo "1817"]
[PlyCount "65"]
[EventDate "2012.06.16"]
[EventType "swiss"]
[EventRounds "9"]
[EventCountry "CZE"]
[SourceTitle "CBM 149 Extra"]
[Source "ChessBase"]
[SourceDate "2012.08.24"]
[SourceVersion "1"]
[SourceVersionDate "2012.08.24"]
[SourceQuality "1"]

1. Nf3 c5 2. e4 Nc6 3. Nc3 a6 4. g3 d6 5. Bg2 Nf6 6. d3 g6 7. Be3 Bg7 8. Qd2 0-0 9. Bh6 e5 10. Bxg7 Kxg7 11. h4 Bg4 12. Nh2 Be6 13. Ne2 Nd4 14. c3 Nxe2 15. Qxe2 b5 16. f4 c4 17. d4 Rb8 18. fxe5 dxe5 19. d5 Bd7 20. Nf3 Nh5 21. Qf2 Qe7 22. 0-0-0 b4 23. d6 Qe8 24. cxb4 Rxb4 25. Rd2 f5 26. Re1 Qb8 27. Qe3 Rc8 28. Qc3 Rc6 29. Bf1 Rxd6 30. Rxd6 Qxd6 31. Bxc4 Rb7 32. b3 Bb5 33. Nd2 1/2-1/2

[Event "Teplice op 7th"]
[Site "Teplice"]
[Date "2012.06.19"]
[Round "4"]
[White "Seidl, Stepan"]
[Black "Vokoun, Ondrej"]
[Result "1-0"]
[WhiteElo "2165"]
[BlackElo "1817"]
[PlyCount "59"]
[EventDate "2012.06.16"]
[EventType "swiss"]
[EventRounds "9"]
[EventCountry "CZE"]
[SourceTitle "CBM 149 Extra"]
[Source "ChessBase"]
[SourceDate "2012.08.24"]
[SourceVersion "1"]
[SourceVersionDate "2012.08.24"]
[SourceQuality "1"]

1. e4 e6 2. d3 d5 3. Nd2 c5 4. Ngf3 Nc6 5. g3 Nf6 6. Bg2 Bd6 7. Qe2 Bc7 8. c3 0-0 9. 0-0 Rb8 10. Re1 b6 11. Nf1 Bb7 12. e5 Nd7 13. d4 Re8 14. Bg5 f6 15. exf6 Nxf6 16. Ne3 Qd7 17. Rad1 Bd8 18. Ne5 Qc7 19. Bf4 Nxe5 20. Bxe5 Qc8 21. Bxb8 Qxb8 22. Ng4 Qc8 23. Nxf6+ Bxf6 24. Bh3 Kh8 25. Bxe6 Qc7 26. Qf3 Rf8 27. Bxd5 Ba6 28. Be4 cxd4 29. cxd4 Qd6 30. Qh5 1-0